| 000 | 00798nam a22002651 4500 | ||
|---|---|---|---|
| 001 | 141035 | ||
| 003 | ES-MaACL | ||
| 005 | 20231114062539.0 | ||
| 007 | t| | ||
| 008 | 070919s1961 sp ||||0| spa d | ||
| 016 | 7 | _zIND2000945729 | |
| 040 |
_aM-BN _bspa _cCDM |
||
| 080 | _a82-311.2"19" | ||
| 100 | 1 |
_aWilson, Angus. _9117011 |
|
| 245 | 1 | 0 |
_aActitudes anglosajonas / _cAngus Wilson ; traducción de Micaela Mata y José Mª Aroca. |
| 260 |
_aBarcelona : _bSeix Barral, _c1961. |
||
| 300 |
_a483 p. ; _c18 cm. |
||
| 490 | 1 |
_aBiblioteca breve ; _v156 |
|
| 700 | 1 |
_aAroca, José María. _923132 |
|
| 700 | 1 |
_aMata, Micaela. _978885 |
|
| 830 | 0 |
_aBiblioteca breve (Seix Barral) _v156 _9227188 |
|
| 852 |
_aES-MaACL _jE-2488 _bR.47960 |
||
| 999 |
_c141035 _d141035 |
||